=LDR 00000nam 2200000 4500 =001 INLIS000000000045292 =005 20150115083147.0 =006 =007 =008 =020 ##$$a 978.979.756.014-0 =035 ##$$0010-011500000000118 =040 ##$$a NBPDMAT =082 ##$$a 627.58 =090 ##$$a 627.58 Len m =100 ##$$a Leni Ariani =245 ##$$a Mengenal laut : untuk menjaga kelestarian laut / Leni Ariani; editor Annanur Yana =250 ##$$a Ed. 1 =260 ##$$a Jakarta$bGraha Ilmu Mulia$c2011 =300 ##$$a 51 hlm. : ilus. ; 25 cm =500 ##$$a Bibliografi hlm : 50 =650 ##$$a Ekosistem Laut-Pelestarian =850 ##$$a NBPDMAT